Responses for show #4822 - Tuesday, July 19, 2005

David Madden game 11.

Contestants

[<< previous game]

Margaret Rhodes, a horseback riding instructor from Marietta, Georgia

Richard Bernstein, an advertising copywriter from Washington, D.C.

David Madden, a student originally from Ridgewood, New Jersey (whose 10-day cash winnings total $239,100)

[next game >>]

Jeopardy! Round responses

ON THE MAP
(Alex: Next, we want you to name the show in...)
TV GUIDE SAYS
ALSO A BASEBALL TEAM
20th CENTURY NAMES
YOU DO THE MATH
"F" STOP
    $200 5
Lake Geneva

Richard
    $200 6
Seinfeld

David
    $200 27
angels

Margaret
    $200 15
Juan Carlos

David
    $200 24
(Alex: Total of 20.)

5

Margaret
    $200 14
French

Richard
    $400 4
(David: What is the Tigris?)

the Euphrates

DavidRichard
    $400 10
The O.C.

Margaret
    $400 26
giants

Triple Stumper
    $400 19
(Princess) Diana

Richard
    $400 25
0

Richard
    $400 20
fortify

Richard
    $600 3
(1 of) Belize or El Salvador

Richard
    $600 11
The Amazing Race

Richard
    $600 9
cardinals

Richard
    $600 18
Watson

Richard
    $600 28
(Margaret: [Laughing] My mother would be proud.)

140

Margaret
    $600 21
Firing Line

Richard
    $800 1
(2 of) Myanmar, Cambodia, Laos, & Malaysia

David
    $800 12
Extreme Makeover

Richard
    $800 8
twins

Triple Stumper
    $800 17
Khrushchev

Richard
    $800 30
(Alex: [*] is correct, yes. Busy little chickens, aren't they?)

2

Margaret
    $800 22
(Margaret: What is fog?)

fumigate

DavidMargaret
    $800 2
(Alex: That's it. Roughly, in some places very roughly.)

180 degrees

David
    $1000 13
The Apprentice

Margaret
    $1000 7
(Margaret: Who are the Blue Jays?)

orioles

DavidMargaret
    $1000 16
Lamaze

David
    $1000 29
4k3

Triple Stumper
    $1000 23
fatback

Triple Stumper

Scores at the first commercial break (after clue 16):

David Richard Margaret
$3,600 $3,400 $400

Scores at the end of the Jeopardy! Round:

David Richard Margaret
$4,400 $6,600 $1,400

Double Jeopardy! Round responses

AUTHORS
MORGAN FREEMAN FILM ROLES
IN THE "BRIG"
APRIL
SHOWERS
THE MAYFLOWER
    $400 21
Rudyard Kipling

David
    $400 8
Driving Miss Daisy

Richard
    $400 25
brigade

Margaret
    $400 24
Germany

David
    $400 27
juggling

David
    $400 28
(David: What is 1621?)

1620

David
Triple Stumper
    $800 17
Ronald Reagan

Margaret
    $800 7
Million Dollar Baby

Margaret
    $800 26
Brigham Young

David
    $800 23
Arbor Day

David
    $800 30
Bobby Ewing

Richard
    $800 29
the Mayflower Compact

David
    $1200 2
Somerset Maugham

Richard
    $1200 1
Bruce Almighty

Richard
    $1200 16
Joe Bob Briggs

Triple Stumper
    $1200 9
the St. Lawrence Seaway

David
    $1200 22
Shower to Shower

Richard
    $4,000 12
(David: Whew.)

Daniel Webster

David
    $2,000 3
James A. Michener

Richard
    $1600 5
Unforgiven

Margaret
    $1600 14
a brigand

Richard
    $1600 10
(Elian) Gonzalez

David
    $1600 19
Zeus

David
    $1600 11
Miles Standish

Triple Stumper
    $2000 4
(Edgar Allan) Poe

Richard
    $2000 6
(Margaret: What is Stand and Deliver?)
(Richard: What is Stand by Me?)

Lean on Me

RichardMargaret
Triple Stumper
    $2000 13
a brigantine

Triple Stumper
    $2000 15
Malcolm X

Triple Stumper
    $2000 18
Marion Crane

David
    $2000 20
William Bradford

Triple Stumper

Scores at the end of the Double Jeopardy! Round:

David Richard Margaret
$18,000 $15,000 $3,000

[wagering suggestions for these scores]

Final Jeopardy! Round responses

WORDS IN LITERATURE
MargaretWhat is infantry?
$1
RichardWhat is a friend?
$14,999
DavidWhat is musketeer
$12,001
musketeer

Final scores:

David Richard Margaret
$30,001 $1 $2,999
11-day champion: $269,101 3rd place: $1,000 2nd place: $2,000

Game dynamics:

Coryat scores:

David Richard Margaret
$15,400 $14,600 $3,000
18 R
(including 2 DDs),
2 W
21 R
(including 1 DD),
1 W
10 R,
3 W

Combined Coryat: $33,000

The J! Archive is created by fans, for fans. The Jeopardy! game show and all elements thereof, including but not limited to copyright and trademark thereto, are the property of Jeopardy Productions, Inc. and are protected under law. This website is not affiliated with, sponsored by, or operated by Jeopardy Productions, Inc. Join the discussion at JBoard.tv.